| 000 | 00705nam a2200217 u 4500 | ||
|---|---|---|---|
| 005 | 20240228063739.0 | ||
| 008 | 120823s2006 r 000 0 eng d | ||
| 020 | _a9507531874 | ||
| 035 | _aUPN01000186313 | ||
| 049 | _aI | ||
| 050 | 4 |
_aPZ74.3 _bE5.3 |
|
| 245 | 0 | 0 |
_aEn coche va una niña : _bpoema popular / _cselec. Ruth Kaufman y Alicia Zaina ; il. Eugenia Nobati. |
| 260 |
_aBuenos Aires : _bCántaro, _cc2006. |
||
| 300 |
_a[22] p. : _bprincipalmente il. col |
||
| 440 | 0 |
_aRincón de lectura. _pPoesía de todos |
|
| 650 | 4 |
_aPOESIA INFANTIL ARGENTINA _911596 |
|
| 650 | 4 |
_aRimas infantiles _910247 |
|
| 700 | 1 |
_aKaufman, Ruth, _d1961- _ecomp. _930246 |
|
| 905 | _aInfantil | ||
| 999 |
_c158416 _d158416 |
||